Statistiques concernant Culture Générale - Série 1954

Cliquez ici pour prendre le quiz!

Statistiques générales

  • Ce quiz a été pris 52 fois
  • Le résultat moyen est 5 sur 10

Statistiques - réponses

QuestionRéponse% Correct
Ce succulent champignon s'appelle " trompette de la ....mort
98%
Selon le titre d'un poème d'Arthur Rimbaud, comment est le bateau ?ivre
88%
Quel est ce pays d'Afrique de l'Ouest qui porte le même nom que le fleuve qui le traverse ?Niger
72%
Dans quel pays européen se trouve la ville d'Arad, arrosée par la rivière Mureș ? voir drapeauRoumanie
66%
Qui a écrit "La chute" en 1956 ?Albert Camus
56%
Dans quel pays européen se trouve la commune de Sestrières ?Italie
56%
Comment appelle-t-on un box d'écurie, compartiment pour cheval ?stalle
40%
Sous quel nom connait-on mieux le peintre Domínikos Theotokópoulos (1541-1614) ?Le Greco
28%
Quelle rivière arrose la commune d'Ornans située dans le département du Doubs ?Loue
14%
Clochette du bélier qui conduit un troupeaubélière
0%

Distribution des résultats

Percentile par nombre de réponses

% des personnes avec chaque résultat

Votre développement - résultats

Vous n’avez pas pris ce quiz